Entry Nombre personal
001 - NÚMERO DE CONTROL
- campo de control: 241241
003 - IDENTIFICADOR DE NÚMERO DE CONTROL
- campo de control: SpMaBN
005 - FECHA Y HORA DE LA ÚLTIMA TRANSACCIÓN
- campo de control: 20250814093842.0
008 - ELEMENTOS DE DATO DE LONGITUD-FIJA
- campo de control de longitud fija: 980827n| aijnnaabn |n aaa
016 ## - NÚMERO DE CONTROL DE UNA AGENCIA BIBLIOGRÁFICA NACIONAL
- Número de control del registro: BNE19983282566
024 7# - IDENTIFICADOR DE OTROS ESTÁNDARES
- Número estándar o código: http://viaf.org/viaf/97752099/
- Fuente: viaf
024 7# - IDENTIFICADOR DE OTROS ESTÁNDARES
- Número estándar o código: https://isni.org/isni/0000000122833052
- Fuente: isni
024 7# - IDENTIFICADOR DE OTROS ESTÁNDARES
- Número estándar o código: http://www.wikidata.org/entity/Q55422
- Fuente: wikidata
040 ## - FUENTE DE CATALOGACIÓN
- Centro catalogador/agencia de origen: SpMaBN
- Lengua de catalogación: spa
- Centro/agencia transcriptor: SpMaBN
- Normas de descripción: rdc
- Convención/Normas de encabezamiento de materia/tesauro: embne
046 ## - FECHAS CON CODIFICACIÓN ESPECIAL
- Fecha de nacimiento: 1943
100 1# - ENCABEZAMIENTO-NOMBRE DE PERSONA
- Nombre de persona: Cronenberg, David,
- Fechas asociadas al nombre: 1943-
370 ## - LUGAR ASOCIADO
- Lugar de nacimiento: Toronto
- Número de control del registro de autoridad o número normalizado: XX455342
- Fuente de información: Wikidata
373 ## - GRUPO ASOCIADO
- Grupo asociado: Sociedad Real de Canadá
- Fuente de información: Wikidata
374 ## - OCUPACIÓN
- Ocupación: Actores
- Ocupación: Editor de cine
- Ocupación: Productores de cine
- Ocupación: Actores
- Ocupación: Guionistas
- Ocupación: Directores de cine
- Fuente de información: Wikidata
375 ## - GÉNERO/SEXO
- Género: Masculino
- Fuente de información: Wikidata
377 ## - IDIOMA ASOCIADO
- Término de lengua/lenguaje: Inglés
670 ## - FUENTE DE DATOS ENCONTRADOS
- Cita de la fuente: Internet movie database, 09-05-2003
- Información encontrada: (David Cronenberg; b. 1943, Toronto, Ontario (Canada); director, writer, actor, cinematographer, producer)
670 ## - FUENTE DE DATOS ENCONTRADOS
- Cita de la fuente: Crash, 1997
- Información encontrada: carátula (escrita y dirigida por David Cronenberg)
670 ## - FUENTE DE DATOS ENCONTRADOS
- Cita de la fuente: Film Index International, 1997
- Información encontrada: (David Cronenberg ; b. 1943 ; direction ; scripting ; cast)
